LEADER 03954 am 2200649 n 450 001 9910306649103321 005 20180814 010 $a2-35613-313-5 024 7 $a10.4000/books.ausonius.5448 035 $a(CKB)4100000007522704 035 $a(FrMaCLE)OB-ausonius-5448 035 $a(oapen)https://directory.doabooks.org/handle/20.500.12854/43929 035 $a(PPN)234054735 035 $a(EXLCZ)994100000007522704 100 $a20190122j|||||||| ||| 0 101 0 $afre 135 $auu||||||m|||| 181 $ctxt$2rdacontent 182 $cc$2rdamedia 183 $acr$2rdacarrier 200 13$aLa construction de l?étruscologie au début du xxe siècle /$fMarie-Laurence Haack 210 $aPessac $cAusonius Éditions$d2018 215 $a1 online resource (222 p.) 311 $a2-35613-139-6 330 $aThis volume investigates the development of the scientific and scholarly discipline that deals with the history and the civilization of the Etruscans as an independent field of research: Etruscology. Although the Etruscans are known as the oldest population/ethnic group in Italy and one of the eldest civilizations of Europe, their history has not been subjected to scientific work until the early 20th century. The Etruscans were often considered inferior to both Greeks and Romans and, therefore, overshadowed by them. The proceedings of this first conference on the history and development of Etruscology in the 20th focuses on how the discipline acquired autonomy, self-recognition and influence through the establishment of a prestigious journal, international conferences, and university research chairs. Consequently, Etruscan history became not only part of a national history, but also an international science. Le livre retrace le début de la construction de la discipline scientifique et universitaire qui traite de l'histoire et de la civilisation des Étrusques comme un domaine particulier : l'étruscologie. En effet, bien que les Étrusques passent pour le plus ancien peuple d'Italie et pour l'une des civilisations les plus anciennes d'Europe, leur histoire jusqu'au début du xxe siècle n'avait pas fait l'objet d'études scientifiques spécifiques : les Étrusques étaient jugés inférieurs aux Grecs ou aux Romains et ils leur étaient sans cesse comparés. Dans les actes de ce premier colloque consacré à l'histoire de l'étruscologie au xxe siècle, on découvre comment les études sur les Étrusques acquièrent autonomie, reconnaissance et rayonnement grâce à une revue de prestige, des colloques internationaux et des chaires universitaires. Ainsi, l'histoire des Étrusques devient non seulement la composante d'une histoire nationale, mais aussi une science internationale. 606 $aEtruscans$xStudy and teaching$vCongresses 606 $aArchitecture, Etruscan$vCongresses 607 $aEtruria$xStudy and teaching$vCongresses 610 $acivilisation étrusque 610 $amusée 610 $ahistoriographie 610 $aart 610 $ahistoire 610 $aenseignement 610 $anation 610 $aXXe siècle 610 $anationalisme 610 $alinguistique 610 $aarchéologie 615 0$aEtruscans$xStudy and teaching 615 0$aArchitecture, Etruscan 700 $aBenelli$b Enrico$0183392 701 $aDelpino$b Filippo$0173360 701 $aHaack$b Marie-Laurence$0291773 701 $aHarari$b Maurizio$0273117 701 $aKrämer$b Robinson Peter$01281859 701 $aMichetti$b Laura M$0572589 701 $aMiller$b Martin$0343842 701 $aPesditschek$b Martina$01317482 701 $aProst$b Célia$01317483 701 $aRey$b Sarah$0616984 701 $aHaack$b Marie-Laurence$0291773 801 0$bFR-FrMaCLE 906 $aBOOK 912 $a9910306649103321 996 $aLa construction de l?étruscologie au début du xxe siècle$93032980 997 $aUNINA LEADER 02919 am 2200613 n 450 001 9910283546603321 005 20180406 010 $a2-86580-246-9 024 7 $a10.4000/books.insep.915 035 $a(CKB)4100000005959159 035 $a(FrMaCLE)OB-insep-915 035 $a(oapen)https://directory.doabooks.org/handle/20.500.12854/59867 035 $a(PPN)230000673 035 $a(EXLCZ)994100000005959159 100 $a20180828j|||||||| ||| 0 101 0 $afre 135 $auu||||||m|||| 181 $ctxt$2rdacontent 182 $cc$2rdamedia 183 $acr$2rdacarrier 200 10$aSport et sponsoring /$fAlain Ferrand, Luiggino Torrigiani, Andreu Camps i Povill 210 $aParis $cINSEP-Éditions$d2018 215 $a1 online resource (378 p.) 311 $a2-86580-160-8 330 $aLe sport et le sponsoring ont développé des relations durables au sein d'un système complexe dans lequel interagissent détenteurs des droits, organisateurs d'événements, organisations sportives, athlètes, sponsors, médias, agences, collectivités territoriales... Résolument axé sur les problématiques managériales des différents acteurs du sponsoring sportif, cet ouvrage présente une méthode et des outils originaux qui reposent sur des bases universitaires sérieuses et qui ont été validés par une longue expérience de terrain. Ce cadre stratégique et opérationnel, largement illustré par des exemples, permet de créer et de développer des relations de qualité entre les parties prenantes de ce système et d'augmenter la valeur globale de leurs échanges. La méthode, ainsi que l'ensemble des outils présentés sont mis en ?uvre dans une étude de cas détaillée portant sur un projet d'événement sportif. Celle-ci intègre la démarche marketing et l'analyse juridique au cours de l'ensemble des phases allant de sa conception à l'élaboration des contrats de sponsoring, de retransmission télévisée et de licence. 606 $aHospitality Leisure Sport & Tourism 606 $amarketing 606 $afinancement 606 $aéconomie du sport 606 $asponsor 606 $apower shift 606 $aévénementiel 610 $amarketing 610 $asponsor 610 $apower shift 610 $aévénementiel 610 $aéconomie du sport 610 $afinancement 615 4$aHospitality Leisure Sport & Tourism 615 4$amarketing 615 4$afinancement 615 4$aéconomie du sport 615 4$asponsor 615 4$apower shift 615 4$aévénementiel 700 $aFerrand$b Alain$01288942 701 $aTorrigiani$b Luiggino$01288943 701 $aCamps i Povill$b Andreu$01288944 701 $aLegrand$b Claude$01288945 801 0$bFR-FrMaCLE 906 $aBOOK 912 $a9910283546603321 996 $aSport et sponsoring$93021017 997 $aUNINA